Best Selling Gaming Franchises - Statistics

General Stats
  • This quiz has been taken 2,887 times
    334 since last reset
  • The average score is 33 of 55
Answer Stats
Sales Year Hint Franchise % Correct
872 m 1981 Hopping Plumbers Mario
100%
500 m 2003 Modern Warfare Call of Duty
97%
455 m 1997 Vice City Grand Theft Auto
96%
350 m 2011 Creepers Minecraft
96%
325 m 1993 EA Soccer FIFA
95%
520 m 1988 Falling Blocks Tetris
95%
489 m 1996 Ash Ketchum Pokémon
92%
162 m 1999 Basketball NBA 2K
87%
100 m 1996 Lara Croft Tomb Raider
82%
77 m 2005 Kratos God of War
79%
163 m 1983 The Force Star Wars
79%
81 m 2001 Master Chief Halo
76%
96 m 2001 Wizarding World Harry Potter
76%
171 m 1986 Hyrule The Legend of Zelda
76%
78 m 1986 Goku Dragon Ball
75%
100 m 1992 Fatalities Mortal Kombat
74%
154 m 1991 Floating Rings Sonic the Hedgehog
73%
62 m 1982 Web-Slinging Superhero Spider-Man
73%
61 m 1987 Solid Snake Metal Gear
69%
95 m 2000 Wrestling WWE 2K
69%
82 m 2001 Animal Villages Animal Crossing
68%
130 m 1988 American Football Madden NFL
65%
57 m 1987 K.O.! Street Fighter
64%
59 m 1994 Skyrim The Elder Scrolls
64%
51 m 2007 Nathan Drake Uncharted
63%
90 m 2009 Dancing Just Dance
62%
80 m 2012 Rick Grimes The Walking Dead
62%
75 m 2007 Geralt of Rivia The Witcher
62%
219 m 2006 Nintendo Consoles Wii
62%
230 m 2007 Stealth Assassin's Creed
61%
85 m 1981 King K. Rool Donkey Kong
57%
52 m 1997 Nuclear Apocalypse RPG Fallout
57%
77 m 1999 Platform Fighting Super Smash Bros.
57%
114 m 1998 Rainbow Six Tom Clancy's
55%
63 m 1980 Inky, Blinky, Pinky & Clyde Pac-Man
54%
77 m 1991 Sid Meier's Civilization
51%
150 m 1994 Racing Movies Need For Speed
51%
71 m 1994 Orcs & Humans Warcraft
50%
89 m 2002 War FPS Battlefield
48%
104 m 2004 Dead Eye Red Dead
45%
200 m 2000 WooHoo The Sims
45%
174 m 1996 Zombie Movies Resident Evil
41%
204 m 1987 Cid Final Fantasy
38%
100 m 1997 PlayStation Racing Gran Turismo
36%
205 m 1995 Building Blocks Lego
36%
75 m 1996 Doctor Neo Cortex Crash Bandicoot
35%
100 m 1995 Konami Soccer eFootball
35%
58 m 1994 Iron Fist Tekken
35%
65 m 1971 Dysentery The Oregon Trail
34%
120 m 2004 Fantasy Hunting Monster Hunter
27%
72 m 2000 Half-Life Spinoff Counter-Strike
25%
60 m 2004 Ubisoft Montreal Far Cry
16%
94 m 1986 The Slime Dragon Quest
12%
94 m 2009 Pandora Borderlands
11%
75 m 1995 Team17 Worms
11%
No matching quizzes found
Score Distribution
Percent of People with Each Score
Percentile by Number Answered
Your Score History
You have not taken this quiz since the last reset